Colors in this picture - Statistics

General Stats
  • This quiz has been taken 223 times
  • The average score is 5 of 5
Answers on the Map
Answers color-coded by a green-red scale on the quiz's map according to % correct below.
 
Answer Stats
Answer % Correct
black
99%
orange
99%
yellow
99%
red
98%
white
90%
No matching quizzes found
Score Distribution
Percent of People with Each Score
Percentile by Number Answered
Your Score History
You have not taken this quiz